Loading...
| Current Events | 1 | 10.00 | 100% | 0% | 0% |
| Fine Arts - Auditory Fine Arts | 3 | 6.67 | 67% | 0% | 0% |
| Fine Arts - Other Fine Arts | 3 | 13.33 | 100% | 33% | 0% |
| Fine Arts - Visual Fine Arts | 2 | 10.00 | 100% | 0% | 0% |
| History - American History | 2 | 15.00 | 100% | 50% | 0% |
| History - European History | 2 | 10.00 | 100% | 0% | 0% |
| History - Other History | 2 | 10.00 | 100% | 0% | 0% |
| History - World History | 2 | 10.00 | 50% | 50% | 0% |
| Literature - American Literature | 2 | 5.00 | 50% | 0% | 0% |
| Literature - British Literature | 4 | 12.50 | 100% | 0% | 25% |
| Literature - European Literature | 1 | 0.00 | 0% | 0% | 0% |
| Literature - World Literature | 4 | 12.50 | 100% | 25% | 0% |
| Mythology | 2 | 5.00 | 50% | 0% | 0% |
| Science - Biology | 3 | 10.00 | 67% | 0% | 33% |
| Science - Chemistry | 3 | 3.33 | 33% | 0% | 0% |
| Science - Other Science | 1 | 0.00 | 0% | 0% | 0% |
| Science - Physics | 1 | 0.00 | 0% | 0% | 0% |
| Social Science | 1 | 10.00 | 100% | 0% | 0% |